000 00617nam a2200229Ia 4500
003 OSt
005 20220923220912.0
006 a|||||r|||| 00| 0
007 ta
008 220922b |||||||| |||| 00| 0 hin d
024 _a192,011
037 _cTextual
040 _aARTS
_cARTS
_bhin
041 _2hin
_ahin
082 _aS1, 152H9
100 _aशुक्ल, लालजी राम
245 0 _aबाल-शिक्षण
246 _aBāla-shikṣhaṇa
260 _c1949
942 _hS1, 152H9
_cTEXL
_2CC
999 _c344657
_d344657